000 00556nam a2200181 a 4500
001 0792
005 20140414131953.0
008 040929s19uu xx 00 eng d
020 _a0-7513-6653-6
050 _aTR 428
_bH45 2000
100 _aHesk, John
245 _aEnglish made easy :
_bsupport the English taught in schools for 8-9 years olds /
_cby John Hesk.
260 _aLondon :
_bDorling Kindersley,
_c2000.
300 _a32 p. : ill. ; cm.
440 _aCarol Vorderman's
650 _aEnglish language
_xStudy and teaching.
999 _c112856
_d112856